Sveriges Största Sjöar - Statistics

General Stats
  • This quiz has been taken 882 times
  • The average score is 5 of 10
Answer Stats
Hint Answer % Correct
2 Vättern
98%
1 Vänern
96%
3 Mälaren
89%
4 Hjälmaren
72%
5 Storsjön
70%
7 Siljan
57%
6 Torneträsk
32%
8 Hornavan
23%
9 Akkajaure
8%
10 Uddjaure
6%
No matching quizzes found
Score Distribution
Percent of People with Each Score
Percentile by Number Answered
Your Score History
You have not taken this quiz